| 000 | 00553 a2200205 4500 | ||
|---|---|---|---|
| 005 | 20260129111425.0 | ||
| 008 | 260128b |||||||| |||| 00| 0 eng d | ||
| 020 |
_a9781041012771 _c£ 74.99 |
||
| 040 | _aMAIN | ||
| 082 |
_a595.7 _bN213E |
||
| 100 | _aNation, James L | ||
| 245 | _aEssential insect physiology: A textbook for undergraduates and graduates | ||
| 260 |
_bCRC Press _c2026 _aBoca Raton |
||
| 300 | _axiii, 208 | ||
| 650 | _aZoology | ||
| 650 | _aArthropoda | ||
| 650 | _aInsects Physiology | ||
| 650 | _aEntomology | ||
| 942 | _cBK | ||
| 999 |
_c393754 _d393754 |
||